| 000 | 00752nam a22002057a 4500 | ||
|---|---|---|---|
| 003 | JO-AjAnu | ||
| 005 | 20231203094801.0 | ||
| 008 | 231203b jo ||||| |||| 00| 0 ara d | ||
| 040 |
_aJO-AjAnu _bARA _cJO-AjAnu _dJO-AjAnu _eRDA |
||
| 041 | 0 |
_aARA _hARA |
|
| 050 |
_aHG4026 _b1993 |
||
| 100 | 1 |
_aالسامرائي، عدنان هاشم رحيم _964605 _eمؤلف |
|
| 245 | 0 |
_aالادارة المالية (منهج تحليلي شامل) / _cعدنان هاشم رحيم السامرائي |
|
| 250 | _aالطبعة الاولى | ||
| 260 |
_aطرابلس : _bالجامعة المفتوحة، _c1993 |
||
| 300 | _a357 صفحة | ||
| 500 | _aيحتوي على جداول | ||
| 650 | 4 | 0 |
_aالادارة المالية _928268 |
| 942 |
_2lcc _cBK _n0 |
||
| 999 |
_c33237 _d33237 |
||